Longest NBA Player Careers - Statistics

General Stats
  • This quiz has been taken 22,062 times
    6,207 since last reset
  • The average score is 14 of 28
Answer Stats
# Career Team Players % Correct
23 2003– Cavaliers Lebron James
99%
21 1998–2019 Mavericks Dirk Nowitzki
86%
20 1996–2016 Lakers Kobe Bryant
81%
22 1998–2020 Raptors Vince Carter
80%
21 1995–2015 Timberwolves Kevin Garnett
79%
21 2005– Hornets Chris Paul
74%
19 1997–2016 Spurs Tim Duncan
69%
19 1985–2004 Jazz Karl Malone
68%
19 1976–1995 Rockets Moses Malone
67%
20 1969–1989 Lakers Kareem Abdul- Jabbar
66%
19 1992–2011 Lakers Shaquille O'Neal
66%
19 1984–2003 Jazz John Stockton
64%
19 2003–2022 Nuggets Carmelo Anthony
56%
19 1994–2013 Mavericks Jason Kidd
52%
19 1998–2017 Celtics Paul Pierce
52%
20 2003–2023 Heat Udonis Haslem
52%
20 2006– Raptors Kyle Lowry
51%
21 1976–1997 Celtics Robert Parish
46%
19 2004–2023 Warriors Andre Iguodala
42%
19 2007– Grizzlies Mike Conley
37%
19 2007– Hawks Al Horford
35%
19 1994–2013 Wizards Juwan Howard
23%
20 2000–2020 Clippers Jamal Crawford
21%
19 1999–2018 Mavericks Jason Terry
21%
19 2001–2020 Bulls Tyson Chandler
16%
21 1984–2004 2007 Hawks Kevin Willis
15%
19 1985–2004 Knicks Charles Oakley
13%
19 1977–1996 Suns James Edwards
4%
No matching quizzes found
Score Distribution
Percent of People with Each Score
Percentile by Number Answered
Your Score History
You have not taken this quiz since the last reset